000 00311 a2200097 4500
020 _a9789370988514
100 _aCherayi Ramadas
245 _aAyyankali prasthanam rekhakaliloode(അയ്യൻകാളി പ്രസ്ഥാനം രേഖകളിലൂടെ))
260 _bD C books
_c2026
942 _cOO
999 _c115283
_d115282